| 000 | 00915nam a22002177a 4500 | ||
|---|---|---|---|
| 005 | 20251108172730.0 | ||
| 008 | 250721s2001 xx 000 0 ara d | ||
| 082 | 1 | 4 | _a346.048/أحم |
| 100 | 1 |
_aالأحمر، كنعان _eمؤلف |
|
| 245 | 1 | 0 |
_aالعلامات التجارية في سورية: دراسة مقارنة مع بعض القوانين العربية والاتفاقات الدولية : _bدراسة مقارنة مع بعض القوانين العربية والإتفاقيات الدولية / |
| 264 | 1 |
_aدمشق : _bدار الرضا للنشر، _c2001. |
|
| 300 | _a136ص | ||
| 490 | 0 | _aالرضا للمعلومات | |
| 650 | 1 | 7 | _aالقانون الخاص |
| 650 | 1 | 7 | _aالملكية الفكرية |
| 650 | 1 | 7 | _aالعلامات التجارية |
| 650 | 1 | 7 | _aالقانون التجاري |
| 650 | 1 | 7 | _aالبلدان العربية |
| 942 |
_2ddc _cBK |
||
| 999 |
_c87114 _d87114 |
||